Statistics for 2023 Texas Rangers Roster

Click here to take the quiz!

General Stats

  • This quiz has been taken 63 times
  • The average score is 25 of 45

Answer Stats

PositionJerseyAnswer% Correct
SS5Corey Seager
98%
OF, DH53Adolis Garcia
93%
C28Jonah Heim
93%
2B2Marcus Semien
93%
3B6Josh Jung
91%
OF3Leody Taveras
87%
OF32Evan Carter
85%
SP31Max Scherzer
83%
SP17Nathan Eovaldi
83%
1B30Nathaniel Lowe
83%
DH, C18Mitch Garver
80%
SP48Jacob Degrom
76%
RP25Jose Leclerc
76%
RP45Aroldis Chapman
74%
3B, OF, SS47Josh Smith
74%
RP51Will Smith
74%
RP66Josh Sborz
72%
SS, 3B, OF, DH20Ezequiel Duran
70%
OF16Travis Jankowski
70%
C11Austin Hedges
67%
SP52Jordan Montgomery
67%
OF, DH4Robbie Grossman
67%
SP, RP44Andrew Heaney
63%
SP, RP33Dane Dunning
63%
SP22Jon Gray
59%
SP, RP54Martin Perez
50%
SP, RP61Cody Bradford
46%
RP72Jonathan Hernandez
39%
RP46Brock Burke
37%
C55Sam Huff
37%
RP59Brett Martin
35%
RP35Chris Stratton
33%
RP65Grant Anderson
33%
OF, 3B, DH13Brad Miller
30%
OF50J.P. Martinez
30%
RP, SP49Matt Bush
28%
SP67Jake Latz
24%
SP23Jake Odorizzi
22%
SS36Jonathan Ornelas
22%
SP43Owen White
22%
RP57Yerry Rodriguez
20%
RP21Ian Kennedy
17%
OF67Dustin Harris
11%
SP60Cole Winn
9%
SP78Zachary Kent
9%

Score Distribution

Percentile by Number Answered

Percent of People with Each Score

Your Score History

You have not taken this quiz